| 000 | 00451nam a22001937a 4500 | ||
|---|---|---|---|
| 003 | OSt | ||
| 005 | 20260606121511.0 | ||
| 008 | 260606b |||||||| |||| 00| 0 eng d | ||
| 020 | _a9780815351429 | ||
| 082 | _a005.8 GRC | ||
| 100 | _aGRAHAM,James | ||
| 245 | _aCyber Security Essentials | ||
| 250 | _a1st Ed Rep | ||
| 260 |
_aLondon _bCRC Press _c2025 |
||
| 300 | _a339p. | ||
| 700 | _aHOWARD,Richard | ||
| 700 | _aOLSON,Ryan | ||
| 942 |
_2ddc _cBK |
||
| 999 |
_c14013 _d14013 |
||